000 00422nam a22001337a 4500
999 _c520644
_d520644
008 220928b ||||| |||| 00| 0 eng d
100 _aBhattacharjee, Rukmini
_934676
245 _aState–market interface and globalisation
260 _aIndian Journal of Public Administration
300 _a68(3), Sep, 2022: p.486-490
773 _aIndian Journal of Public Administration
906 _aGLOBALISATION
942 _cAR